Письмо министра народного просвещения к министру внутренних дел от 19 января 1883 года №649 по поводу помещенной в "Русских ведо...

Доступно только в Электронных читальных залах Найти на картеНа карте
RUSMARC
00004502nmc2a22002653x 450
00128f4ac04-6173-4942-afc5-61def8646b37
00520211230124710.0
100##$a20211124l18831883k l0rusy0189 ca
1010#$arus
102##$aRU
105##$ay###
1220#$ad
2001#$aПисьмо министра народного просвещения к министру внутренних дел от 19 января 1883 года №649 по поводу помещенной в "Русских ведомостях" застольной речи профессора Чичерина
$j19 января 1883 г.
215##$a5 л.
$d36,5х26 см
251##$cДело
300##$aОдна бумага
300##$aОриг. заголовок дела: Письмо министра народного просвещения министру внутренних дел с просьбой наложить взыскание на газету "Русские ведомости" за напечатание статьи Б.Н. Чичерина оппозиционного характера (по поводу проекта университетского устава Делянова). 19 января 1883 г
371##$aДокумент не является опубликованным и широко распространяемым
461#0$1001a74412a3-3cc5-4d21-8f0a-dfe2fbd9e72d
$12001
$aДепартамент народного просвещения Министерства народного просвещения (1803-1917)
$1251
$cФонд
$1852
$j733
462#0$100132cf8616-d9c1-4c42-854c-6b8032b88600
$12001
$aВрачебно-санитарная часть учебных заведений Департамента народного просвещения
$1251
$cОпись
$1852
$j200
$l1883 г.
5171#$aПисьмо министра народного просвещения министру внутренних дел с просьбой наложить взыскание на газету "Русские ведомости" за напечатание статьи Б.Н. Чичерина оппозиционного характера (по поводу проекта университетского устава Делянова). 19 января 1883 г
801#0$aRU
$bРГИА
$c20211124
$gRCR
801#1$aRU
$bГлавНИВЦ
$c20211124
$2rusmarc
801#2$aRU
$bПБ им. Б.Н. Ельцина
$c20211230
$gRCR
$2rusmarc
850##$aРГИА
852##$aРГИА
$eФедеральное казенное учреждение "Российский государственный исторический архив" (РГИА)
$j4
937##$hРГИА
$d12374655
$aASBIBLIO_SCAN
035##$aRusGRCC00036421
856##$uhttp://readingroom.main.prlib.ru/item.aspx?id_node=n172294884&mode=full
Формат отображения